000 00555nam a22001697a 4500
003 NUST
038 _aNusrat Nadeem
082 _a200
100 _aYaqoob, Lubna
_9123507
245 _aDevelopment of Metal Organic Framework Based Nanomaterials for Electrocatalytic Applications/
_cLubna Yaqoob
264 _aIslamabad;
_bSNS NUST;
_c2021.
300 _a165,p;
_bill;
_c30,cm.
650 _aPhD- Chemistry
_9123166
700 _aSupervisor: Dr. Tayyaba Noor
_9123508
856 _uhttp://10.250.8.41:8080/xmlui/handle/123456789/26061
942 _2ddc
_cTHE
999 _c609683
_d609683